000 00546nam a2200193Ia 4500
005 20250326144125.0
008 250326s9999 xx 000 0 und d
020 _a0-7494-4543-2
037 _aTextbook
040 _aFMSL
_beng
_cFMSL
041 _aeng
_2eng
084 _aX:513 P05
_qFMSL
100 _aEdwards H
_9749081
245 0 _aCreating passion brands : getting to the heart
_cEdwards H; Day D
260 _alondon
_blondon, Kogan Page
_c2005
300 _a244p
942 _cTB
_hX:513 P05
999 _c1302446
_d1302446